Pragmatismo: y cuatro ensayos de "El Significado de la Verdad"
Kaydedildi:
| Yazar: | |
|---|---|
| Materyal Türü: | Kitap |
| Dil: | Spanish |
| Baskı/Yayın Bilgisi: |
México, Distrito Federal
Editorial Roble
1907
|
| Konular: | |
| Etiketler: |
Etiketle
Etiket eklenmemiş, İlk siz ekleyin!
|
MARC
| LEADER | 00000nam a22000007a 4500 | ||
|---|---|---|---|
| 008 | 180906b xxu||||| |||| 00| 0 spa d | ||
| 040 | |a cru BVZT | ||
| 090 | |a 100 J-2pr | ||
| 100 | |a James, William | ||
| 245 | |a Pragmatismo: y cuatro ensayos de "El Significado de la Verdad" |c William James | ||
| 260 | |a México, Distrito Federal |b Editorial Roble |c 1907 | ||
| 300 | |a 281 páginas | ||
| 650 | |a FILOSOFÍA |9 5 | ||
| 650 | |a PRAGMATISMO | ||
| 650 | |a ENSAYOS: SIGNIFICADO DE LA VERDAD | ||
| 650 | |a SIGNIFICADO DE LA VERDAD: LA FUNCIÓN DEL CONOCIMIENTO | ||
| 650 | |a SIGNIFICADO DE LA VERDAD: LOS TIGRES EN INDIA | ||
| 650 | |a SIGNIFICADO DE LA VERDAD: EL HUMANISMO Y LA VERDAD | ||
| 999 | |c 30575 |d 30575 | ||
| 942 | |c LIB |h 100 J-2pr |2 z | ||
